[Event "17th Delhi GM Open 2019"]
[Site "Delhi"]
[Date "2019.01.15"]
[Round "9"]
[White "Praveen Kumar C"]
[Black "Gajek, Radoslaw"]
[Result "1-0"]
[WhiteElo "2233"]
[BlackElo "2481"]
[Annotator "TA"]
[PlyCount "119"]
[EventDate "2019.01.09"]
[EventType "swiss"]
[EventCountry "IND"]
[SourceTitle "playchess.com"]
[Source "ChessBase"]
[SourceQuality "1"]

{[%evp 16,119,22,1,27,20,46,36,43,0,-9,0,-11,-5,0,-21,0,-1,0,0,18,-33,69,68,63,86,84,90,97,89,123,93,125,101,122,122,125,119,152,153,263,195,222,222,222,225,224,196,195,117,118,120,219,214,233,237,229,231,242,239,277,297,293,282,292,292,350,350,349,346,345,345,342,342,337,341,335,312,349,327,347,344,564,552,553,538,929,921,899,886,887,870,2437,2467,1398,1381,7020,6654,29973,11772,6087,4219,29977,6309,29980,29979]} 1. d4 Nf6 2. c4 e6 3. g3 d5 4. Nf3 dxc4 5. Bg2 Bb4+ 6. Nc3 O-O 7. O-O c5 8. dxc5 {E20: Nimzo-Indian: 4 g3 and 4 f3} Nc6 9. Nd2 {LiveBook: 3 Games} Qd4 10. Nde4 {White has an edge.} Nxe4 11. Nxe4 {aiming for Qc2.} f5 12. Nc3 $146 (12. a3 $14 Bxc5 13. Nxc5 Qxc5 14. Be3) ({Predecessor:} 12. a3 Bxc5 13. Nxc5 Qxc5 {½-½ (51) Bocharov,D (2592)-Kravtsiv,M (2546) Bhubaneswar 2010}) 12... Qxc5 $11 13. a3 Bxc3 14. bxc3 Rd8 15. Qc2 Bd7 16. Bg5 $36 {[%mdl 2048] Black is under pressure.} Rdc8 17. Rfd1 Be8 18. Qd2 (18. Rab1 $11) 18... e5 (18... h6 $15 19. Bf4 Rd8) 19. Bd5+ $14 Kh8 20. Be6 {[%cal Bd5e6,Be6f5,Bf5e4][%mdl 32]} Rc7 21. Bxf5 Qf8 22. Be4 Bg6 23. Qc2 Qf7 24. Rd6 {[%cal Rd6g6]} Rf8 25. Be3 ({But not} 25. Bxg6 $6 Qxf2+ 26. Kh1 hxg6 $11) 25... Bxe4 26. Qxe4 a6 27. Rad1 Ne7 (27... Re8 $16 {might work better.} 28. Bb6 Rce7) 28. Qxe5 Nf5 29. Rd8 Nxe3 30. Qxe3 ({Not} 30. fxe3 Qf2+ 31. Kh1 Rcf7 $11) 30... h6 31. a4 Re7 32. Rxf8+ ({Better is} 32. Qc5 $18) 32... Qxf8 $18 {[%mdl 4096] Endgame KQR-KQR} 33. Qc5 {Strongly threatening Rd7!} Qf7 (33... Qe8 $16 {was called for.}) 34. e3 Kh7 35. Rd4 Rc7 36. Qe5 Rc6 37. a5 Qf3 38. Rf4 Qd1+ 39. Kg2 Qd7 40. h4 Re6 41. Qf5+ Kg8 42. Re4 Rd6 43. Qxd7 Rxd7 44. Rxc4 {KR-KR} Rd5 45. Rb4 Rxa5 46. Rxb7 Rc5 47. Ra7 a5 48. Kf3 g5 $2 {[#]} (48... g6 49. Ke4 Rxc3 50. Rxa5 Rc4+ 51. Kf3 h5) 49. hxg5 hxg5 50. Ke4 g4 51. Kf4 Rc4+ 52. Kg5 a4 53. Kf5 Kf8 54. e4 {[%cal Be3e4,Be4e5][%mdl 32]} Rxc3 55. Kxg4 a3 56. f4 Re3 57. e5 Ke8 58. Kh4 Kf8 59. g4 (59. Kg5 $142 Rc3 60. Kf6 Rc8 61. e6 Rb8 62. Rxa3 Kg8 63. Kg6 Kf8 64. f5) 59... Kg8 60. Kg5 {Accuracy: White = 76%, Black = 28%.} 1-0

[Event "17th Delhi GM Open 2019"]
[Site "Delhi"]
[Date "2019.01.15"]
[Round "9"]
[White "Singh, S. Vikramjit"]
[Black "Khusenkhojaev, Muhammad"]
[Result "0-1"]
[WhiteElo "2214"]
[BlackElo "2455"]
[Annotator "TA"]
[PlyCount "104"]
[EventDate "2019.01.09"]
[EventType "swiss"]
[EventCountry "IND"]
[SourceTitle "playchess.com"]
[Source "ChessBase"]
[SourceQuality "1"]

{[%evp 19,104,11,1,2,0,-20,10,-8,11,11,11,4,25,25,42,23,33,0,33,0,0,-85,-70,-177,-95,-185,-19,-17,-17,-17,-18,-18,-9,-140,-136,-137,-129,-133,-121,-137,-129,-130,-136,-175,-129,-131,-131,-125,-133,-124,-89,-83,-70,-64,-64,-77,-20,-58,-20,-16,-12,-179,-111,-102,-96,-103,-62,-55,-19,-221,-221,-250,-267,-383,-370,-438,-404,-513,-437,-435,-454,-537,0,-352,0,-471,-394]} 1. d4 Nf6 2. c4 g6 3. Nc3 d5 4. cxd5 Nxd5 5. e4 Nxc3 6. bxc3 Bg7 7. Qa4+ Qd7 {D85: Exchange Grünfeld: Unusual White 7th moves and lines with 7 Nf3} 8. Bb5 c6 9. Be2 (9. Bd3 O-O 10. Nf3 c5 11. Qxd7 Bxd7 12. Rb1 b6 13. Be3 Rd8 14. O-O Ba4 15. Rfc1 {½-½ (44) Mamedyarov,S (2801)-Vachier Lagrave,M (2779) Saint Louis 2018}) 9... O-O 10. Nf3 c5 {LiveBook: 6 Games} 11. Qxd7 Nxd7 12. Be3 b6 13. Bb5 $146 ({Predecessor:} 13. O-O Bb7 14. e5 Rfd8 15. Ng5 cxd4 16. cxd4 {1-0 (48) Eggers,P-Tobin,H Seattle 1989}) 13... Nb8 14. Ne5 Bb7 15. f3 a6 16. Be2 Rd8 17. Rb1 b5 18. a4 b4 19. a5 bxc3 20. Rxb7 (20. Bc4 $11 Bxe5 21. dxe5) 20... cxd4 $17 21. Nc4 (21. Bf4 $15 Bxe5 22. Bxe5) 21... Nc6 (21... dxe3 $19 22. Nb6 Nc6) 22. Rc7 (22. Bf4 $17 {keeps fighting.} d3 23. Nb6 dxe2 24. Kxe2 Nxa5 25. Rxe7) 22... Nb4 $2 (22... Rab8 $1 $19 23. Bc1 Nb4) 23. Bf4 $1 $11 d3 {White must now prevent ...Rac8.} 24. Nb6 $1 {[%cal Rb6a8]} Rab8 25. Rc4 $1 {[%cal Rc4b4]} c2 $36 {[%mdl 2048] Strongly threatening ...Bb2. Black fights for an advantage.} 26. Bd2 (26. Kd2 $1 $11 {keeps the balance.} dxe2+ 27. Kxe2) 26... dxe2 27. Kxe2 {[#]} Rxd2+ $1 {[%mdl 512]} 28. Kxd2 Bh6+ 29. Ke2 Rd8 {aiming for ...Rd2+.} 30. f4 Bxf4 31. Kf3 Bh6 32. Rxb4 Rd1 33. Rc4 Rxh1 34. Rxc2 Rxh2 $17 {[%mdl 4096] Endgame KRB-KRN} 35. Nd5 e6 36. Nf6+ Kg7 37. e5 {Rc8 is the strong threat.} Bg5 (37... Rh1 $17 {Threatens to win with ...Rc1.} 38. Rc8 Bg5 39. Ne8+ Kh6) 38. Ne8+ $11 Kh6 39. Nd6 f5 40. Rc7 $2 {[#]} (40. Rc6 $11 {and White stays safe.}) 40... Rh1 ({Better is} 40... Rh4 $1 $19 41. Rc6 Ra4 42. Rxa6 Kh5) 41. Ra7 Ra1 42. Rxa6 Bd2 {Hoping for ...Ra3+.} 43. Nc4 Bc3 {And now ...Ra4 would win.} 44. Ra8 $2 (44. Ke2 $11 {and White has nothing to worry.}) 44... Ra4 $19 45. Nd6 Rxa5 ({Much less strong is} 45... Bxa5 46. Re8) 46. Nf7+ (46. Re8 {was the only defense.}) 46... Kh5 47. Rh8 {[%cal Rh8h7]} g5 48. Rg8 h6 49. Re8 Ra7 50. Nd6 Ra5 51. Nf7 $1 Ra7 52. Nd6 Bxe5 {Precision: White = 42%, Black = 41%.} 0-1

[Event "17th Delhi GM Open 2019"]
[Site "Delhi"]
[Date "2019.01.16"]
[Round "10"]
[White "Amonatov, Farrukh"]
[Black "Visakh N R"]
[Result "1-0"]
[WhiteElo "2621"]
[BlackElo "2486"]
[Annotator "TA"]
[PlyCount "97"]
[EventDate "2019.01.09"]
[EventType "swiss"]
[EventCountry "IND"]
[SourceTitle "playchess.com"]
[Source "ChessBase"]
[SourceQuality "1"]

{[%evp 33,97,0,0,0,116,125,124,113,110,113,97,51,51,49,56,38,87,71,67,71,69,43,50,60,55,36,49,51,47,39,38,28,36,23,21,17,23,23,20,22,77,20,83,74,283,283,275,275,961,939,1407,1367,1397,1318,2570,1754,5583,4134,2168,1746,9316,8375,6272,5899,5211,5110]} 1. e4 e5 2. Nf3 Nf6 3. Nxe5 d6 4. Nf3 Nxe4 5. d4 d5 6. Bd3 Nc6 7. O-O Be7 8. c4 Nb4 9. Be2 O-O 10. Nc3 Bf5 11. a3 Nxc3 12. bxc3 Nc6 13. Re1 Re8 14. cxd5 {C42: Petroff Defence: 3 Nxe5 and unusual White 3rd moves} Qxd5 15. Bf4 Rac8 16. Nd2 {[%cal Bf3d2,Bd2f1,Bf1e3,Be3d5,Bd5e7][%mdl 32]} Na5 17. Nf1 Qb3 {[#] LiveBook: 4 Games} 18. Qc1 $146 ({Predecessor:} 18. Qd2 Qc2 19. Qxc2 Bxc2 20. Bg4 f5 21. Bxf5 Bxf5 {½-½ (49) Leko,P (2740)-Bacrot,E (2717) Wijk aan Zee 2006}) 18... Bd6 (18... c5 $11 19. Ne3 Bg6) 19. Bxd6 $1 $16 cxd6 20. Qg5 g6 21. Ne3 $1 {[%cal Re3f5]} Qxc3 22. Nd5 Qxd4 23. Ne7+ {[#]} Rxe7 $1 24. Qxe7 Qe5 25. Qxe5 dxe5 26. Bf3 f6 27. Rac1 {[%mdl 1024] White has compensation.} Nc6 28. Bd5+ Kf8 29. f3 Bd7 30. Kf2 Be8 31. h4 Rd8 32. Red1 Ke7 33. g4 h6 34. Be4 Rxd1 35. Rxd1 $11 {[%mdl 4096] Endgame KRB-KBN} b5 36. Ke3 Nd4 (36... a6 $11 {remains equal.}) 37. f4 ({White should try} 37. Rc1 $1 $16) 37... a5 (37... Nc6 $11 {keeps the balance.}) 38. Rc1 $16 Ne6 $2 {[#]} (38... Bd7 $16) 39. fxe5 $1 $18 fxe5 {[#]} 40. Bc6 $1 h5 $2 (40... Bd7 41. Ke4 Nf8) 41. Bxe8 {White is clearly winning.} Kxe8 42. gxh5 gxh5 {KR-KN} 43. Ke4 b4 44. Kxe5 Ke7 45. Rc6 Nf8 46. a4 Nd7+ 47. Kd4 Kd8 48. Ra6 Nb8 49. Rh6 {Accuracy: White = 79%, Black = 43%.} 1-0

[Event "17th Delhi GM Open 2019"]
[Site "Delhi"]
[Date "2019.01.16"]
[Round "10"]
[White "Predke, Alexandr"]
[Black "Rahman, Ziaur"]
[Result "1-0"]
[WhiteElo "2620"]
[BlackElo "2470"]
[Annotator "TA"]
[PlyCount "91"]
[EventDate "2019.01.09"]
[EventType "swiss"]
[EventCountry "IND"]
[SourceTitle "playchess.com"]
[Source "ChessBase"]
[SourceQuality "1"]

{[%evp 18,91,37,30,35,35,136,47,54,61,53,51,41,49,40,20,79,85,95,87,90,77,91,64,69,59,63,57,60,44,83,64,69,49,46,44,58,57,128,85,97,69,289,287,283,287,289,284,288,278,284,282,221,171,167,134,187,152,264,273,230,141,156,123,130,115,114,107,125,107,181,202,191,183,847,841]} 1. e4 c6 2. d4 d5 3. Nc3 dxe4 4. Nxe4 Nf6 5. Nxf6+ exf6 6. c3 Bd6 7. Bd3 O-O 8. Qc2 Re8+ {B15: Caro-Kann: 3 Nc3: 3...g6 and 3...dxe4 4 Nxe4 Nf6 5 Nxf6+ exf6} 9. Ne2 h5 10. O-O {LiveBook: 25 Games} Nd7 $146 {White has an edge.} ({Predecessor:} 10... h4 11. h3 Nd7 12. Bd2 Nf8 13. Rae1 Bc7 14. Kh1 Qd6 15. Bf4 Qd8 16. Bd2 Qd6 17. Bf4 Qd8 {½-½ (17) Hracek,Z (2557)-Adhiban,B (2668) Batumi 2018}) 11. Ng3 Qc7 ({Better is} 11... Bxg3 $14 12. hxg3 (12. fxg3 c5 $14) 12... Nb6) 12. h3 (12. Nxh5 $16 a6 13. h3) 12... Bxg3 13. fxg3 Nf8 14. Bf4 Qd8 15. Qf2 Be6 16. c4 Qa5 (16... Ng6 $11 {keeps the balance.}) 17. Bd2 $16 Qb6 18. Bc3 Rad8 19. Rad1 Qc7 20. b3 b5 21. Qf3 bxc4 22. bxc4 Qd6 23. Rd2 Qa3 24. Rc2 $36 {[%mdl 2048] White is more active.} Qd6 $1 25. Rcf2 Ng6 26. Kh1 Qc7 27. Re2 Nf8 ({Black should try} 27... Bd7 $14) 28. Rfe1 Bd7 29. Be4 Ne6 $2 (29... Qd6 $14) 30. Qxh5 $18 Ng5 {[#]} 31. Kh2 $1 {aiming for Bd2.} Qd6 32. Bc2 Rxe2 33. Rxe2 ({Don't play} 33. Qxe2 $6 Be6 $18) 33... Re8 34. Rxe8+ Bxe8 35. Qe2 Bd7 36. Qd3 {[#] Threatens to win with h4.} g6 (36... f5 $16 {was called for.} 37. Bd2 Ne4) 37. Qe3 Qe6 (37... Bf5 $16 {might work better.}) 38. Qxe6 Bxe6 {[%mdl 4096] Endgame KBB-KBN} 39. Bb3 Ne4 40. Bb4 f5 41. d5 cxd5 42. cxd5 Bd7 43. Bc2 Kg7 (43... Nf6 $16) 44. g4 Kf6 45. gxf5 Kxf5 $2 (45... Ke5 46. fxg6 fxg6) 46. Bd6 $1 {Precision: White = 53%, Black = 50%.} 1-0

[Event "17th Delhi GM Open 2019"]
[Site "Delhi"]
[Date "2019.01.16"]
[Round "10"]
[White "Rozum, Ivan"]
[Black "Karthikeyan, P.."]
[Result "1/2-1/2"]
[WhiteElo "2589"]
[BlackElo "2457"]
[Annotator "TA"]
[PlyCount "94"]
[EventDate "2019.01.09"]
[EventType "swiss"]
[EventCountry "IND"]
[SourceTitle "playchess.com"]
[Source "ChessBase"]
[SourceQuality "1"]

{[%evp 14,94,43,54,61,47,56,38,77,13,22,2,45,41,39,40,53,55,46,11,34,31,33,29,27,31,34,38,25,34,32,32,30,7,43,27,29,29,30,29,35,20,27,14,25,-12,-12,-100,-111,-95,-115,-112,-115,-105,-105,-330,-336,-392,-373,-512,-472,-430,0,-413,-220,-231,-28,-28,-28,-28,0,-41,-41,-37,0,0,0,0,0,-1,0,0,0]} 1. Nf3 c5 2. c4 Nc6 3. e3 e5 {[%cal Be7e5,Be5e4][%mdl 32]} 4. Nc3 Nf6 5. Be2 d5 6. d4 {A34: Symmetrical English: 2 Nc3, lines with ...d5} e4 (6... exd4 7. exd4 cxd4 8. Nxd4 dxc4 9. Nxc6 Qxd1+ 10. Kxd1 bxc6 11. Bxc4 Bg4+ 12. Kc2 Bf5+ 13. Bd3 Bxd3+ 14. Kxd3 O-O-O+ 15. Kc2 Bc5 {½-½ (33) So,W (2778)-Vachier Lagrave,M (2789) Leuven 2018}) 7. Ne5 Bd6 8. cxd5 {LiveBook: 3 Games. White is slightly better.} Nxe5 9. dxe5 Bxe5 10. Nxe4 $1 Nxd5 11. O-O $146 (11. Bc4 $16 Be6 12. Qh5) ({Predecessor:} 11. f4 Bc7 12. Bb5+ Bd7 13. Bxd7+ Qxd7 14. Nxc5 {0-1 (54) Kraai,J (2453)-De Firmian,N (2537) Seattle 2003}) 11... O-O $11 12. Bf3 Be6 13. Nxc5 Bxh2+ {[%mdl 64] Decoy} 14. Kxh2 Qc7+ 15. Kg1 Qxc5 16. e4 Nb6 17. Be3 Qa5 18. Qd2 Qxd2 19. Bxd2 a5 20. Rfd1 Rfc8 21. Be3 Nc4 22. Bd4 a4 23. Rac1 h6 24. a3 Rc7 25. Be2 Rac8 26. f4 f6 27. Kf2 b5 28. Bf3 Kf7 29. g4 Nxb2 {[%mdl 64] Decoy} 30. Bxb2 (30. Rxc7+ $11 Rxc7 31. Rb1) 30... Rc2+ $17 {[%mdl 64] Double Attack} 31. Kg3 Rxb2 32. f5 Bc4 33. Rd7+ Kf8 34. g5 $2 (34. Bd1 $17) 34... hxg5 $19 35. Rh1 Kg8 36. Bh5 Rb3+ 37. Kf2 Rb2+ 38. Kg3 $1 b4 (38... Ra2 $142 39. Rc1 Rxa3+ 40. Kf2 Rf8) 39. axb4 {[#]} a3 $2 ({Much less strong is} 39... Rxb4 40. Rc1 $17) (39... Rb3+ $1 $19 40. Kf2 g6 41. Bxg6 Rb2+ 42. Ke3 Re2+ 43. Kf3 Rc2) 40. Rc1 $11 Rb3+ 41. Kf2 Rb2+ 42. Ke3 Rxb4 43. Ra7 Rb3+ 44. Kf2 {Hoping for Bf7+!The position is equal.} Kf8 {[#]} 45. Rf7+ $1 {[%mdl 512]} Kg8 {White must now prevent ...a2.} (45... Bxf7 46. Rxc8+) 46. Ra7 {Threatens to win with Bf7+!} Kf8 {[#] ...Rb2+ is the strong threat.} 47. Rf7+ $1 {[%mdl 512]} Kg8 {Accuracy: White = 51%, Black = 50%.} (47... Bxf7 48. Rxc8+) 1/2-1/2

[Event "17th Delhi GM Open 2019"]
[Site "Delhi"]
[Date "2019.01.16"]
[Round "10"]
[White "Paichadze, Luka"]
[Black "Mohammad Nubairshah Shaikh"]
[Result "1/2-1/2"]
[WhiteElo "2583"]
[BlackElo "2437"]
[Annotator "TA"]
[PlyCount "59"]
[EventDate "2019.01.09"]
[EventType "swiss"]
[EventCountry "IND"]
[SourceTitle "playchess.com"]
[Source "ChessBase"]
[SourceQuality "1"]

{[%evp 19,59,33,33,25,33,-35,-35,-22,-5,-1,0,-37,8,-20,-19,-12,-32,-27,-23,-23,-22,-37,0,0,0,-36,0,0,0,-22,0,0,0,-17,0,0,0,-35,0,0,0,-29]} 1. e4 {Sumets,A} c6 2. Nc3 d5 3. Nf3 Nf6 4. e5 Ne4 5. Ne2 Qb6 6. d4 {B11: Caro-Kann: Two Knights Variation} e6 7. Nfg1 f6 8. f3 Ng5 9. exf6 gxf6 {[%cal Bg7f6,Bf6f5,Bf5e4][%mdl 32]} 10. f4 Ne4 {LiveBook: 28 Games} 11. Ng3 Bd7 12. N1e2 $146 (12. a4 $14) ({Predecessor:} 12. Nxe4 dxe4 13. c3 {0-1 (46) Vachier Lagrave,M (2819)-Anand,V (2770) Saint Louis 2016 CBM 174 [Sumets,A]}) 12... f5 $15 13. Nxe4 fxe4 14. c4 {[%cal Bc2c4,Bc4d5][%mdl 32]} c5 15. cxd5 $1 cxd4 16. Nxd4 Bb4+ 17. Kf2 {[#] And now Be3 would win.} e5 18. fxe5 {Hoping for Qh5+.} (18. Qh5+ $2 Kd8 $19) 18... Rf8+ $1 19. Kg1 Bg4 $1 {[%cal Rg4d1]} 20. Qa4+ Bd7 {[%mdl 1024] Black has compensation.} (20... Nc6 $5 {[%cal Rb6d4]} 21. Be3 O-O-O 22. dxc6 Bd2 23. cxb7+ (23. Bxd2 Rxd4 24. cxb7+ Kxb7 $16) 23... Kxb7 24. Bxd2 Rxd4 25. Qa6+ (25. Ba6+ Kc7 $17) 25... Qxa6 26. Bxa6+ Kxa6 $16) 21. Qd1 Bg4 $1 {[%cal Rg4d1]} 22. Qa4+ Bd7 (22... Nc6 $5 {[%cal Rb6d4]} 23. Be3 O-O-O 24. dxc6 Bd2 25. Bxd2 Rxd4 26. cxb7+ Kxb7 27. Qa6+ (27. Ba6+ Kc7 $17) 27... Qxa6 28. Bxa6+ Kxa6 $16) 23. Qd1 Bg4 $1 {[%cal Rg4d1]} 24. Qa4+ Bd7 (24... Nc6 $5 25. Be3 $8 O-O-O 26. dxc6 Bd2 27. cxb7+ (27. Bxd2 Rxd4 28. cxb7+ Kxb7 $16) 27... Kxb7 28. Bxd2 Rxd4 29. Qa6+ (29. Ba6+ Kc7 $17) 29... Qxa6 30. Bxa6+ Kxa6 $16) 25. Qd1 Bg4 $1 {[%cal Rg4d1]} 26. Qa4+ Bd7 27. Qd1 Bg4 $1 {[%cal Rg4d1]} 28. Qa4+ Bd7 (28... Nc6 $5 {[%cal Rb6d4]} 29. Be3 O-O-O 30. dxc6 Bd2 31. Bxd2 Rxd4 32. cxb7+ Kxb7 33. Qa6+ (33. Ba6+ Kc7 $17) 33... Qxa6 34. Bxa6+ Kxa6 $16) 29. Qd1 Bg4 $1 {[%cal Rg4d1]} 30. Qa4+ {Precision: White = 86%, Black = 85%.} 1/2-1/2

[Event "17th Delhi GM Open 2019"]
[Site "Delhi"]
[Date "2019.01.16"]
[Round "10"]
[White "Gupta, Abhijeet"]
[Black "Gukesh D"]
[Result "1-0"]
[WhiteElo "2581"]
[BlackElo "2497"]
[Annotator "TA"]
[PlyCount "85"]
[EventDate "2019.01.09"]
[EventType "swiss"]
[EventCountry "IND"]
[SourceTitle "playchess.com"]
[Source "ChessBase"]
[SourceQuality "1"]

{[%evp 25,85,29,23,30,28,16,24,27,36,35,35,20,11,-15,-16,-32,0,-15,0,0,0,0,0,-49,-27,-24,0,-53,30,23,137,149,143,50,186,210,246,253,295,261,393,381,387,398,520,497,536,525,627,621,568,486,439,306,475,392,384,381,372,357,598,592]} 1. d4 d5 2. c4 c6 3. Nf3 Nf6 4. Nc3 e6 5. Bg5 Nbd7 6. cxd5 exd5 7. e3 Be7 8. Bd3 Ne4 9. Bf4 Ndf6 {D35: Queen's Gambit Declined: Exchange Variation} 10. Qc2 O-O 11. O-O Bf5 12. Ne5 g6 13. f3 Nd6 {[#] LiveBook: 6 Games} 14. g4 $146 ({Predecessor:} 14. Rad1 Bxd3 15. Rxd3 Nh5 16. Bh6 Re8 17. e4 {1-0 (59) Navara,D (2742)-Hammer,J (2651) Novy Bor 2016}) 14... Bxd3 15. Nxd3 Re8 16. Rad1 Bf8 17. b3 Rc8 18. Ne2 Nb5 19. Ng3 Nd7 20. g5 Be7 21. h4 c5 22. dxc5 Nxc5 23. Qb2 Ne6 24. Ne5 Nxf4 25. exf4 Bf8 26. a4 (26. Kh1 $11) 26... Nc7 (26... Nc3 $15 27. Rd3 Qb6+ 28. Kg2 Nxa4 $1 {[%mdl 512]}) 27. f5 $1 $11 d4 (27... Na6 $11) 28. Ng4 $1 $16 {[%cal Rg4f6]} Bg7 {[#] White should prevent ...Nd5.} 29. Kh1 (29. Ne4 $1 $16 {Black must now prevent Ngf6+.} Nd5 30. f6) 29... h5 ({Black should try} 29... Qd6 $14 30. Ne4 Rxe4 {[%mdl 64] Remove Defender} 31. fxe4 Qg3) 30. gxh6 $18 Qxh4+ {[#]} 31. Kg2 $1 Be5 {[#]} 32. h7+ $1 {[%mdl 512]} Kg7 (32... Kh8 $142 33. Nxe5 Rxe5 34. Rxd4 Qf6) (32... Kxh7 33. Rh1) 33. Nxe5 Nd5 {[#]} 34. f6+ $1 {[%mdl 64] Deflection} Qxf6 (34... Nxf6 35. Ng4) 35. Ng4 Ne3+ 36. Nxe3 dxe3 37. Qxf6+ Kxf6 38. Rfe1 Kg7 39. Rd3 f5 (39... Rc2+ {keeps fighting.} 40. Kg1 Re7 41. Rexe3 Rec7) 40. f4 Rc2+ 41. Re2 Rxe2+ 42. Nxe2 Kxh7 $2 (42... Re7 43. Kf3 Kxh7 44. Rxe3 Rd7) 43. Rd7+ {Accuracy: White = 48%, Black = 25%.} 1-0

[Event "17th Delhi GM Open 2019"]
[Site "Delhi"]
[Date "2019.01.16"]
[Round "10"]
[White "Narayanan.S.L"]
[Black "Pantsulaia, Levan"]
[Result "1/2-1/2"]
[WhiteElo "2575"]
[BlackElo "2597"]
[Annotator "TA"]
[PlyCount "34"]
[EventDate "2019.01.09"]
[EventType "swiss"]
[EventCountry "IND"]
[SourceTitle "playchess.com"]
[Source "ChessBase"]
[SourceQuality "1"]

{[%evp 21,26,-3,-5,-7,-9,-2,-8]} 1. d4 Nf6 2. c4 c5 3. d5 g6 4. Nc3 Bg7 5. e4 d6 6. h3 O-O 7. Bd3 e6 8. Nge2 exd5 9. exd5 Nbd7 10. f4 {E70: King's Indian: Miscellaneous lines with 4 e4, including 5 Nge2 and 5 Bd3 0-0 6 Nge2} Nh5 11. O-O f5 {LiveBook: 3 Games. The position is equal.} 12. Bd2 Ndf6 13. Qc2 Bd7 {[#]} {Predecessor:} 14. a3 $146 a6 15. b4 cxb4 16. axb4 b5 17. Be3 Re8 {1-0 (37) Malakhov,V (2694)-Dyachkov,S (2554) Moscow 2006} 1/2-1/2

[Event "17th Delhi GM Open 2019"]
[Site "Delhi"]
[Date "2019.01.16"]
[Round "10"]
[White "Ghosh, Diptayan"]
[Black "Praveen Kumar C"]
[Result "1-0"]
[WhiteElo "2544"]
[BlackElo "2233"]
[Annotator "TA"]
[PlyCount "77"]
[EventDate "2019.01.09"]
[EventType "swiss"]
[EventCountry "IND"]
[SourceTitle "playchess.com"]
[Source "ChessBase"]
[SourceQuality "1"]

{[%evp 19,77,18,55,35,34,18,23,26,20,12,51,28,68,45,89,84,83,92,93,82,76,80,154,122,170,152,356,354,354,345,344,362,616,622,648,329,449,449,598,253,620,396,325,309,371,193,352,45,293,293,303,303,954,498,928,443,5281,2858,1779,1589]} 1. Nf3 d5 2. g3 Nf6 3. Bg2 g6 4. O-O Bg7 5. d4 O-O 6. c4 dxc4 7. Na3 c5 8. Nxc4 Na6 {[%cal Bb8a6,Ba6c5,Bc5e4][%mdl 32]} 9. dxc5 Nxc5 10. Be3 {D77: Fianchetto Grünfeld: 6 0-0: Replies other than 6...c6} Nce4 {LiveBook: 4 Games} (10... Nfe4 11. Rc1 Be6 12. Nd4 Bd5 13. b4 Na6 14. a3 Rc8 15. Qd3 Nf6 16. Nb5 Bxg2 17. Kxg2 Qd5+ 18. Qxd5 Nxd5 19. Bxa7 {1-0 (34) Karthikeyan,P (2474)-Zwirs,N (2388) Groningen 2016}) 11. Nfe5 Be6 12. Qa4 {White is slightly better.} Qe8 $146 ({Predecessor:} 12... Qb8 13. Qa3 Qc7 14. Qa5 b6 15. Qb5 Rac8 16. Rac1 Nd6 17. Nxd6 Qxd6 {1-0 (49) Krebs,J (2120)-Kronig,G (2050) Austria 1995}) 13. Qa3 Qb5 14. Rac1 Rfd8 15. b3 {[%cal Bb2b3,Bb3c4,Bc4c5,Bc5c6][%mdl 32]} Bf8 16. Qb2 (16. Rfe1 {feels hotter.} Bd5 17. Qb2 Bg7 18. Bd4 Ng5 19. a4) 16... Nd6 17. Nxd6 Rxd6 18. Rc5 $36 {[%mdl 2048] White is on the roll.} Qa6 19. Nc4 Bxc4 20. bxc4 {Threatens to win with Rb5.} Rad8 (20... b6 $142) 21. Qxb7 Qxa2 {[#]} 22. Rc8 $1 Qxe2 $2 (22... Rxc8 $16 23. Qxc8 Qa5) 23. c5 $18 (23. Bxa7 Rxc8 24. Qxc8 Rd1 $16) 23... Rd1 24. Rxd8 Rxd8 25. c6 ({Less strong is} 25. Qxa7 Ng4 $11) 25... Qg4 $2 {[#]} (25... Ne8 26. c7 (26. Bxa7 Nd6 $18) 26... Nxc7 27. Qxc7 Qd3 28. Qxa7 e6) 26. h3 Qe6 27. Bxa7 Ne8 28. Bb6 Rd2 29. Be3 (29. Ra1 $142) 29... Rc2 $2 (29... Rd8 30. Bf4 Qf5) 30. Rd1 Nd6 31. Qd7 Qc4 32. Rd4 (32. Ra1 $142 {Ra8 is the strong threat.} Nf5 33. Ra8) 32... Qe2 $2 (32... Qc3) 33. Kh2 $2 ({White should try} 33. Rxd6 $18 exd6 34. Kh2) 33... Nf5 $2 ({Better is} 33... Nc4 $1 $14 34. Rxc4 Qxc4) 34. Rd2 Rxd2 35. Qxd2 Qc4 $2 (35... Qxd2 36. Bxd2 e6) 36. Bf4 {White is clearly winning.} Nd6 (36... e5 $142) 37. Qa5 (37. Bxd6 $142 exd6 38. Qa5) 37... Kg7 (37... e5 $142) 38. Bxd6 exd6 39. Qd8 {Precision: White = 38%, Black = 15%.} 1-0